|
|
|
|
| LEADER |
00656nam a2200253 a 4500 |
| 001 |
adlib96000001 |
| 003 |
ViArRB |
| 005 |
20151026131706.0 |
| 008 |
960221s1955 dcuabcdjdbkoqu001 0deng d |
| 020 |
|
|
|a 81-87317-18-0
|
| 022 |
|
|
|
| 040 |
|
|
|a Adlib
|
| 082 |
|
|
|a 027.4
|
| 245 |
|
|
|a Public Library Systems in India
|
| 250 |
|
|
|
| 260 |
|
|
|a Delhi
|b Rajat Publications
|c 1999
|
| 300 |
|
|
|a v, 323p.
|
| 500 |
|
|
|a
|
| 100 |
|
|
|a Iyer, V. K
|
| 700 |
|
|
|
| 942 |
|
|
|c BK
|6 _
|
| 653 |
|
|
|a Libraries - Public
|
| 999 |
|
|
|c 32965
|d 32965
|
| 952 |
|
|
|0 0
|1 0
|4 0
|6 0274_IYEP
|7 0
|9 44611
|a UL
|b UL
|d 2010-06-16
|l 2
|o 027.4 IYE/P
|p 00045283
|r 2014-12-18
|s 2014-12-18
|w 2010-06-16
|y BK
|